| 000 | 00515nam a2200181Ia 4500 | ||
|---|---|---|---|
| 999 |
_c7452 _d7452 |
||
| 003 | OSt | ||
| 005 | 20250910144858.0 | ||
| 008 | 200302s9999 xx 000 0 und d | ||
| 020 | _a9789351251163 | ||
| 040 | _cBMSCA | ||
| 082 |
_a001.42 _bMIS _223 |
||
| 100 |
_aMisra, R. P. _d(1930–2021), |
||
| 245 |
_aResearch Methodology: _b A Handbook revised and enlarged edition |
||
| 260 |
_bConcept Publishing Company Pvt. Ltd. _aNew Delhi : _c2016. |
||
| 300 | _a150p. | ||
| 500 | _aIt Includes Index | ||
| 942 |
_2ddc _cRD |
||